La gestione integrata delle coste : pesca, urbanistica, turismo, ambiente
Αποθηκεύτηκε σε:
| Κύριος συγγραφέας: | |
|---|---|
| Μορφή: | Βιβλίο |
| Γλώσσα: | Italian |
| Δημοσίευση: |
Milano :
F. Angeli,
c1990
|
| Θέματα: | |
| Ετικέτες: |
Προσθήκη ετικέτας
Δεν υπάρχουν, Καταχωρήστε ετικέτα πρώτοι!
|
MARC
| LEADER | 00000cam a2200000 i 4500 | ||
|---|---|---|---|
| 001 | 1/7769 | ||
| 008 | 970516s1990 ita d | ||
| 020 | |a 88-204-6362-8 | ||
| 035 | |l 10016828 | ||
| 040 | |a GR-MY-UA |b gre |e aacr | ||
| 041 | 0 | |a ita | |
| 082 | 0 | |a 333.9170945 | |
| 100 | 1 | |a Greco, Nicola. | |
| 245 | 1 | 3 | |a La gestione integrata delle coste : |b pesca, urbanistica, turismo, ambiente / |c Nicola Greco ; Contributi di M. T. Fazio...[et al.] |
| 260 | |a Milano : |b F. Angeli, |c c1990 | ||
| 300 | |a 363 p.; |c 22 cm | ||
| 504 | |a Includes bibliographical references | ||
| 650 | 0 | 0 | |a Coastal zone management |z Italy. |
| 650 | 0 | 0 | |a Regional planning |z Italy. |
| 852 | |a INST |b LESVOS |e 19970516 |h 333.9170945 GRE |p 005100011294 |q 005100011294 |t BK |y 0 | ||
| 909 | |a Λ |b 050114 | ||